000 00494nam a22001817a 4500
003 OSt
005 20140310181747.0
008 130624t xxu||||| |||| 00| 0 eng d
020 _a9780340799567
050 _aPN 6112
_b.G855 2001
082 _aIB 808.802
_bG87 2001
245 _aLiving literature :
_breading drama /
_cRichard Griffiths.
260 _aLondon :
_bHodder & Stoughton,
_cc2001.
300 _a119 p. ;
_c25 cm.
541 _j1
562 _e1
942 _2lcc
_cIB
_kIB
999 _c3038
_d3038